Normal view
MARC view
- Wirkus, Stephen Allen,
Entry Personal Name
001 - CONTROL NUMBER
- control field: 10941
003 - CONTROL NUMBER IDENTIFIER
- control field: NUST
005 - DATE AND TIME OF LATEST TRANSACTION
- control field: 20180605040333.0
008 - FIXED-LENGTH DATA ELEMENTS
- fixed length control field: 180605|| aca||aabn | a|a d
040 ## - CATALOGING SOURCE
- Original cataloging agency: NUST
- Transcribing agency: NUST
100 ## - HEADING--PERSONAL NAME
- Personal name: Wirkus, Stephen Allen,
- Dates associated with a name: 1971-
- Relator term: author.
670 ## - SOURCE DATA FOUND
- Source citation: Work cat.: (NUST)0: Wirkus, Stephen Allen, 1971- author., A course in Ordinary Differential Equations , 2015
